Ciudadanía multicultural: una teoría liberal de los derechos de las minorías

Salvato in:
Dettagli Bibliografici
Autore principale: Kymlicka, Will (Autore)
Natura: Libro
Lingua:spagnolo
Pubblicazione: Barcelona Paidós 1996
Edizione:1a. ed
Serie:Paidós Estado y Sociedad, 41
Soggetti:
Tags: Aggiungi Tag
Nessun Tag, puoi essere il primo ad aggiungerne!!

MARC

LEADER 00000cam a2200000 a 4500
001 UCN4908
003 CL-VaPUC
008 010817e19960000SP |||||||||||||||||spa|d
020 |a 9788449302848 
082 0 4 |a 323.1  |b KYM  |2 21 
100 |a Kymlicka, Will   |e author  |9 531263 
245 1 0 |a Ciudadanía multicultural: una teoría liberal de los derechos de las minorías 
250 |a 1a. ed 
300 |a 303 p 
942 |c BK 
945 |d 20010817 00:00:00  |a vberengu 
260 |a Barcelona  |b Paidós  |c 1996 
650 0 |a Grupos sociales  |9 268887 
650 7 |a DERECHOS DE LAS MINORIAS  |2 CL-VaPUC  |9 461027 
650 0 |a Problemas sociales  |9 258537 
650 0 |a Liberalismo  |9 255715 
650 0 |a Derechos civiles  |9 255655 
583 |a last modification  |c 20140318 03:54:23  |k Rodrigo Vera 
490 0 |a Paidós Estado y Sociedad, 41 
999 |c 296752  |d 296750 
952 |0 0  |1 0  |3 erb  |4 0  |6 323_100000000000000_KYM_1996  |7 0  |8 A  |9 350895  |a BIBCUR  |b BIBCUR  |i 5062713  |o 323.1 KYM 1996  |p 5062713  |r 2025-04-22  |w 2019-11-20  |y BK  |z Catalogado en:20140324  |k PER 
952 |0 0  |1 0  |3 erb  |4 0  |6 323_100000000000000_KYM_1996  |7 0  |8 A  |9 350896  |a BIBCUR  |b BIBCUR  |i 5062721  |o 323.1 KYM 1996  |p 5062721  |r 2025-04-22  |w 2019-11-20  |y BK  |z Catalogado en:20140324  |k PER 
952 |0 0  |1 0  |3 erb  |4 0  |6 323_100000000000000_KYM_1996  |7 0  |8 A  |9 350897  |a BIBCUR  |b BIBCUR  |i 507438K  |o 323.1 KYM 1996  |p 507438K  |r 2025-04-22  |w 2019-11-20  |y BK  |z Catalogado en:20140526  |k PER 
952 |0 0  |1 0  |3 erb  |4 0  |6 323_100000000000000_KYM_1996  |7 0  |8 A  |9 350898  |a BIBCUR  |b BIBCUR  |i 5074398  |o 323.1 KYM 1996  |p 5074398  |r 2025-04-22  |w 2019-11-20  |y BK  |z Catalogado en:20140526  |k PER